000
00309nam a2200121Ia 4500
008
190216s9999||||xx |||||||||||||| ||und||
100
_a
Satya Saranchatterjee
245
0
_a
Principles &practice Of Management
260
_b
New Central Book Agencies
_c
1983
300
_a
301p
650
_a
Commerce
942
_c
BK
999
_c
5290
_d
5290